[Event "African Online-ch Open 2021"]
[Site "Online"]
[Date "2021.02.01"]
[Round "2.17"]
[White "Fernandes, Avelino"]
[Black "Vermaak, Ashley Christopher"]
[Result "1/2-1/2"]
[WhiteElo "1887"]
[BlackElo "1751"]
[Annotator "NA RC"]
[PlyCount "82"]
[EventDate "2021.02.01"]
[EventType "swiss"]
[EventCountry "NET"]
[SourceTitle "playchess.com"]
[Source "ChessBase"]
[SourceQuality "1"]
[TimeControl "1500+10"]

1. f4 {[%emt 0:00:00]} d5 {[%emt 0:00:13]} 2. d4 {[%emt 0:00:06]} c5 {[%emt 0:00:15]} 3. e3 {[%emt 0:00:03]} Nc6 {[%emt 0:00:09]} 4. c3 {[%emt 0:00:03]} Nf6 {[%emt 0:00:06]} 5. Nf3 {[%emt 0:00:02]} cxd4 {[%emt 0:00:23]} 6. exd4 {[%emt 0:00:21]} Bg4 {[%emt 0:01:01]} 7. Bd3 {[%emt 0:00:05]} Bxf3 {[%emt 0:02:11]} 8. Qxf3 {[%emt 0:00:05]} e6 {[%emt 0:00:43]} 9. Nd2 {[%emt 0:00:09]} Bd6 {[%emt 0:00:31]} 10. O-O {[%emt 0:00:08]} Qc7 {[%emt 0:00:32]} 11. Qe3 {[%emt 0:01:23]} Qe7 {[%emt 0:05:22]} 12. Nf3 {[%emt 0:00:05]} Ng4 {[%emt 0:00:06]} 13. Qe2 {[%emt 0:00:07]} O-O-O {[%emt 0:03:21]} 14. b4 {[%emt 0:00:16]} Kb8 {[%emt 0:00:49]} 15. a4 {[%emt 0:00:05]} Rc8 {[%emt 0:01:14]} 16. Bd2 {[%emt 0:00:14]} f5 {[%emt 0:00:10]} 17. a5 {[%emt 0:00:12]} Nf6 {[%emt 0:00:14]} 18. b5 {[%emt 0:00:12]} Nd8 {[%emt 0:00:05]} 19. Ne5 {[%emt 0:00:05]} Ne4 {[%emt 0:00:37]} 20. Rfc1 {[%emt 0:00:15]} Bxe5 {[%emt 0:00:39]} 21. fxe5 {[%emt 0:00:11]} Nxd2 {[%emt 0:00:53]} 22. Qxd2 {[%emt 0:00:06]} g5 {[%emt 0:01:29]} 23. Ra4 {[%emt 0:00:42]} Nf7 {[%emt 0:01:33]} 24. c4 {[%emt 0:00:53]} dxc4 {[%emt 0:00:52]} 25. Raxc4 {[%emt 0:00:05]} Rxc4 {[%emt 0:00:08]} 26. Rxc4 {[%emt 0:00:06]} Rc8 {[%emt 0:00:33]} 27. Qc3 {[%emt 0:00:45]} Qd7 {[%emt 0:00:34]} 28. Rxc8+ {[%emt 0:03:26]} Qxc8 {[%emt 0:00:04]} 29. Qxc8+ {[%emt 0:00:04]} Kxc8 {[%emt 0:00:03]} 30. g4 {[%emt 0:00:02]} Nh6 {[%emt 0:01:29]} 31. gxf5 {[%emt 0:00:04]} Nxf5 {[%emt 0:01:59]} 32. Bxf5 {[%emt 0:00:13]} exf5 {[%emt 0:00:03]} 33. d5 {[%emt 0:00:01]} g4 {[%emt 0:00:23]} 34. b6 {[%emt 0:00:57]} axb6 {[%emt 0:00:09]} 35. axb6 {[%emt 0:00:06]} Kd7 {[%emt 0:00:09]} 36. Kf2 {[%emt 0:00:07]} f4 {[%emt 0:00:04]} 37. Ke2 {[%emt 0:02:02]} h5 {[%emt 0:00:22]} 38. Kf2 {[%emt 0:03:01]} h4 {[%emt 0:00:47]} 39. e6+ {[%emt 0:00:28]} Kd6 {[%emt 0:00:07]} 40. Kg2 {[%emt 0:00:04]} Ke7 {[%emt 0:00:11]} 41. Kf2 {[%emt 0:00:27]} Kd6 {[%emt 0:00:05]} 1/2-1/2

[Event "African Online-ch Open 2021"]
[Site "Online"]
[Date "2021.02.01"]
[Round "2.18"]
[White "Ebersohn, Raymond Gerhard"]
[Black "Mosutha, Thuso"]
[Result "1/2-1/2"]
[WhiteElo "1726"]
[BlackElo "2036"]
[Annotator "TA"]
[PlyCount "68"]
[EventDate "2021.02.01"]
[EventType "swiss"]
[EventCountry "NET"]
[SourceTitle "playchess.com"]
[Source "ChessBase"]
[SourceQuality "1"]

{[%evp 13,68,61,50,52,71,60,66,42,71,76,61,74,72,74,79,52,128,65,68,67,64,46,60,41,54,-19,-13,-20,0,-13,-19,-22,0,-5,0,0,0,0,0,0,0,0,0,0,0,-52,-61,-313,-272,-270,0,0,0,0,0,0,0]} 1. d4 Nf6 2. c4 g6 3. Nc3 Bg7 4. e4 d6 5. Be2 O-O 6. Be3 e5 7. d5 Na6 8. g4 {E73: King's Indian: Averbakh Variation without 6...c5.} Nc5 9. f3 a5 {9...h5 is more advanced technology.} 10. Qd2 {White is slightly better.} Bd7 11. h4 h5 {[%cal Rh5g4]} 12. g5 Ne8 13. Nh3 a4 14. Nf2 Qe7 (14... c6 $14) 15. Nd3 {[#]} (15. O-O-O $16) 15... Nxd3+ $146 ({Predecessor:} 15... Rd8 16. O-O-O Kh7 17. Rdf1 c6 18. f4 exf4 19. Rxf4 Nxd3+ 20. Bxd3 Be5 21. Rf2 Nc7 {1-0 (47) Romero Perera,E (2157)-Capella Negre,L Barcelona 2010}) 16. Qxd3 c6 17. Rd1 c5 18. Kd2 Nc7 {[#]} 19. b3 (19. Bxc5 $1 $14 dxc5 20. d6 {[%mdl 64] Double Attack}) 19... axb3 $11 20. axb3 Ra3 21. Rb1 Na6 {Hoping for ...Nb4.} 22. Qc2 Nb4 23. Qb2 Rfa8 {[#] And now ...Ra2! would win.} 24. Ra1 Rxa1 25. Rxa1 Qd8 26. Kd1 Na6 27. Ra3 f6 28. Qa1 fxg5 29. Bxg5 (29. hxg5 $11 Bf8 30. Ke1) 29... Bf6 $15 30. Nb5 $2 {[%mdl 8192]} (30. Qc1 $1 $15) 30... Bxg5 $19 31. hxg5 Bxb5 ({Don't take} 31... Qxg5 32. Qc1 $17 (32. Nxd6 $2 h4 $19)) ({Black should try} 31... h4 $19 {...h3 is the strong threat.} 32. Nxd6 Qxg5) 32. cxb5 $11 {The position is equal.} Nc7 33. b6 Rxa3 34. Qxa3 Na8 {Weighted Error Value: White=0.36/Black=0.17} 1/2-1/2

[Event "African Online-ch Open 2021"]
[Site "Online"]
[Date "2021.02.01"]
[Round "2.19"]
[White "Strovsky, Mikhail"]
[Black "Hamzaoui, Khalil"]
[Result "1/2-1/2"]
[WhiteElo "2164"]
[BlackElo "1883"]
[Annotator "TA"]
[PlyCount "98"]
[EventDate "2021.02.01"]
[EventType "swiss"]
[EventCountry "NET"]
[SourceTitle "playchess.com"]
[Source "ChessBase"]
[SourceQuality "1"]

{[%evp 13,98,-13,-17,-16,23,6,4,4,27,8,14,8,0,0,36,-12,0,-22,-11,-16,37,37,33,39,39,39,39,19,16,12,11,16,51,25,37,29,36,33,38,29,37,32,31,18,19,8,21,10,6,12,36,36,36,36,59,0,0,0,0,0,0,-8,-8,-9,-20,-12,0,0,0,0,10,0,0,0,0,0,5,0,0,0,0,0,0,0,0,0,0]} 1. f4 d5 2. Nf3 Nf6 3. b3 g6 4. Bb2 Bg7 5. g3 O-O 6. Bg2 c5 7. O-O Nc6 8. e3 {[#] A02: Bird's Opening.} Nd7 $146 ({Predecessor:} 8... d4 9. Na3 Be6 10. Qe1 Bd5 11. Rd1 Qb6 12. h3 Rad8 13. g4 e5 14. fxe5 Nd7 {½-½ (31) Hera,I (2559)-Diermair,A (2451) Ruzomberok 2014}) 9. d4 cxd4 10. exd4 Nc5 11. Nc3 Ne4 12. Nxe4 dxe4 13. Ne5 Qb6 14. Kh1 Rd8 {[%cal Rc6d4]} 15. Nxc6 (15. Qe2 {feels hotter.} Nxd4 16. Qxe4 Bf5 17. Qxb7 Qxb7 18. Bxb7 Nxc2 19. Bxa8 Nxa1 20. Bf3) 15... Qxc6 16. c4 {Threatening d5.} Qd7 (16... Qb6 $11) 17. Bxe4 $14 Bxd4 18. Bxd4 Qxd4 19. Qxd4 Rxd4 20. Rfe1 Rb8 21. Rad1 Rxd1 22. Rxd1 $11 {[%mdl 4096] Endgame Strongly threatening Rd8+. KRB-KRB} Bh3 23. Kg1 Kf8 24. Kf2 Ke8 25. Ke3 Bd7 26. a3 Kd8 27. b4 Kc7 28. Rd3 h5 29. h4 Bc6 30. Bxc6 Kxc6 {KR-KR} 31. Ke4 Kc7 32. Ke5 Rc8 33. c5 Kc6 34. f5 (34. a4 $14) 34... gxf5 {The position is equal.} 35. Kxf5 Rg8 36. Re3 Kd7 37. a4 Rg4 38. Rd3+ Ke8 39. Rb3 f6 {[#] And now ...Kf7 would win.} 40. Ke6 Re4+ 41. Kd5 Re1 42. Rd3 Kd7 43. Kc4+ Kc7 44. b5 Re4+ 45. Kb3 Rg4 46. Re3 Kd7 47. Rd3+ Kc7 48. Re3 Kd7 49. Rd3+ Kc7 {Weighted Error Value: White=0.09/Black=0.09} 1/2-1/2

[Event "African Online-ch Open 2021"]
[Site "Online"]
[Date "2021.02.01"]
[Round "2.20"]
[White "Simpson, Michael M"]
[Black "Sang, Ricky"]
[Result "1-0"]
[WhiteElo "1995"]
[BlackElo "1991"]
[Annotator "TA"]
[PlyCount "89"]
[EventDate "2021.02.01"]
[EventType "swiss"]
[EventCountry "NET"]
[SourceTitle "playchess.com"]
[Source "ChessBase"]
[SourceQuality "1"]

{[%evp 15,89,55,67,7,102,11,87,-20,-27,-50,-52,-58,-20,-26,-25,-34,-36,-36,-25,-64,-23,-19,-11,-58,-18,-56,-56,-66,-65,-100,-84,-119,-121,-189,-135,-154,-164,-178,-187,-186,80,-7,632,656,941,622,921,929,1383,753,959,550,1187,1161,29988,29989,29989,29990,29990,29990,29990,29991,29991,29992,29992,29993,29993,29993,29993,29994,29995,29996,29997,29998,29998,29999]} 1. e4 c5 2. Nc3 a6 3. g3 b5 4. Bg2 Bb7 5. Nge2 e6 6. O-O d6 7. d4 $1 {The main line 7.d4 scores better than 7.d3.} cxd4 8. Nxd4 Nf6 9. a3 {B91: Sicilian Najdorf: 6 g3.} (9. Re1 $14) 9... Be7 (9... Qc7 $11) 10. Be3 (10. e5 $1 $16 {[%cal Re5f6]} Bxg2 11. exf6 Bxf1 12. fxe7 Qxe7 13. Qxf1) 10... O-O (10... Qc7 $11 {remains equal.}) 11. h3 ({Better is} 11. e5 $1 $16 {[%cal Re5f6]} Bxg2 12. exf6 Bxf1 13. fxe7 Qxe7 14. Qxf1) 11... Qc7 12. Qd2 Nbd7 {[#]} 13. Qe2 $146 ({Predecessor:} 13. Rfe1 Rac8 14. Rad1 Nb6 15. e5 dxe5 16. Ndxb5 axb5 17. Nxb5 Qc4 18. Bxb7 Qxb5 19. Bxc8 Rxc8 20. b3 Bxa3 21. c4 Qc6 22. Qa5 Nxc4 23. bxc4 Qxc4 24. Qxa3 Qb5 25. Rb1 {1-0 (25) Nikitenko,M (2436)-Flores Quillas,D (2245) chess.com INT 2020}) 13... Nc5 {[%cal Rc5e4]} 14. Bg5 h6 15. Bd2 Rac8 16. Kh2 Rfd8 17. Rae1 Bf8 18. f4 Rd7 19. g4 Nh7 20. g5 hxg5 $1 21. fxg5 g6 22. h4 {[#]} Bg7 $1 {[%cal Rg7d4]} 23. Nb3 d5+ 24. e5 (24. Bf4 $17 Be5 25. Bxe5 Qxe5+ 26. Kh1) 24... d4 (24... Ne4 $19 25. Kh3 Qxe5 26. Bxe4 dxe4) 25. Nxc5 $17 Qxc5 26. Ne4 Qxe5+ 27. Bf4 {[#]} Qf5 ({Black should play} 27... d3 $1 $19 {[%cal Rd3e2][%mdl 512]} 28. cxd3 Qxb2 29. Qxb2 Bxb2) 28. Bd6 (28. Bg3 $16 d3 29. cxd3 Bxe4 30. Rxf5 Bxf5 31. Be4) 28... Rxc2 $2 {[%mdl 8192] Black cannot hold the game after this.} 29. Qxc2 $18 Qg4 30. Bg3 d3 31. Qd2 f5 {[#]} 32. Bh3 $1 Qh5 (32... Qxe4 33. Rxe4) 33. Nd6 Be4 34. Nxe4 fxe4 35. Bxe6+ {[%mdl 64] Double Attack. White mates.} Kh8 36. Bxd7 Nf8 37. Bh3 Qh7 38. Rxe4 Qg8 39. Qxd3 Qa2 40. Rf2 a5 41. Re8 Kh7 42. h5 b4 43. Rexf8 {[%mdl 64] Remove Defender} Bxf8 44. Qxg6+ Kh8 45. Be5+ {Weighted Error Value: White=0.68/Black=0.81} 1-0

[Event "African Online-ch Open 2021"]
[Site "Online"]
[Date "2021.02.01"]
[Round "2.21"]
[White "Kamara, Ansumana"]
[Black "Monaheng Motlomelo"]
[Result "1-0"]
[WhiteElo "1899"]
[BlackElo "1538"]
[Annotator "NA RC"]
[PlyCount "49"]
[EventDate "2021.02.01"]
[EventType "swiss"]
[EventCountry "NET"]
[SourceTitle "playchess.com"]
[Source "ChessBase"]
[SourceQuality "1"]
[TimeControl "1500+10"]

1. e4 {[%emt 0:00:00]} e5 {[%emt 0:00:06]} 2. Nf3 {[%emt 0:00:06]} Nc6 {[%emt 0:00:04]} 3. Bb5 {[%emt 0:00:05]} d6 {[%emt 0:00:04]} 4. O-O {[%emt 0:00:05]} Bd7 {[%emt 0:00:04]} 5. c3 {[%emt 0:00:04]} Nf6 {[%emt 0:00:04]} 6. Re1 {[%emt 0:00:04]} Be7 {[%emt 0:00:04]} 7. d4 {[%emt 0:00:09]} exd4 {[%emt 0:00:07]} 8. cxd4 {[%emt 0:00:04]} O-O {[%emt 0:00:03]} 9. h3 {[%emt 0:00:11]} a6 {[%emt 0:00:07]} 10. Ba4 {[%emt 0:00:05]} h6 {[%emt 0:00:57]} 11. Nbd2 {[%emt 0:00:09]} Rb8 {[%emt 0:02:49]} 12. Nf1 {[%emt 0:00:11]} Re8 {[%emt 0:00:32]} 13. Ng3 {[%emt 0:00:18]} Bf8 {[%emt 0:00:06]} 14. a3 {[%emt 0:00:18]} Ne7 {[%emt 0:00:14]} 15. Bc2 {[%emt 0:00:10]} Ng6 {[%emt 0:00:45]} 16. Qd3 {[%emt 0:00:46]} Bb5 {[%emt 0:00:12]} 17. Qd1 {[%emt 0:00:19]} Bd7 {[%emt 0:04:34]} 18. Be3 {[%emt 0:00:15]} c5 {[%emt 0:00:19]} 19. dxc5 {[%emt 0:02:38]} dxc5 {[%emt 0:00:08]} 20. Qd3 {[%emt 0:00:05]} Bb5 {[%emt 0:00:09]} 21. Qb3 {[%emt 0:00:06]} Qc7 {[%emt 0:01:58]} 22. Rad1 {[%emt 0:00:50]} Bc6 {[%emt 0:00:22]} 23. Bc1 {[%emt 0:00:41]} b5 {[%emt 0:00:35]} 24. Qc3 {[%emt 0:03:13]} Nd7 {[%emt 0:03:29]} 25. b3 {[%emt 0:01:44]} 1-0

[Event "African Online-ch Open 2021"]
[Site "Online"]
[Date "2021.02.01"]
[Round "2.22"]
[White "Joelson, Ricardo"]
[Black "Libe, Sofonea"]
[Result "1-0"]
[WhiteElo "2017"]
[BlackElo "1509"]
[Annotator "TA"]
[PlyCount "57"]
[EventDate "2021.02.01"]
[EventType "swiss"]
[EventCountry "NET"]
[SourceTitle "playchess.com"]
[Source "ChessBase"]
[SourceQuality "1"]

{[%evp 18,57,128,126,115,47,58,25,32,0,12,10,11,0,56,0,0,-23,-15,-54,0,0,28,34,161,162,145,141,566,572,793,787,1010,954,1172,1158,1158,1149,1138,1141,1052,825]} 1. e4 c5 2. Nf3 Nc6 3. d4 cxd4 4. Nxd4 Nf6 5. Nc3 a6 6. Nxc6 bxc6 7. e5 Ng8 8. Bc4 e6 9. O-O d5 10. exd6 $1 Bxd6 {B33: Sicilian: Pelikan and Sveshnikov Variations.} 11. Qf3 (11. Ne4 $16 Bxh2+ {[%mdl 64] Decoy} 12. Kxh2 Qh4+ 13. Kg1 Qxe4 {[#]} 14. Qd6 $1 (14. Bg5 Nf6 $14)) 11... Qc7 $14 12. h3 Nf6 {[#] White has an edge.} 13. Rd1 $146 ({Predecessor:} 13. Bg5 Nd5 14. Ne4 Bh2+ 15. Kh1 Be5 16. Rad1 Bxb2 17. Bb3 f6 18. c4 fxg5 19. cxd5 cxd5 20. Bxd5 exd5 21. Nxg5 {1-0 (33) Traeger,M-Hutya,J Hungary 1996}) 13... O-O 14. Bg5 Nd5 15. Ne4 Be7 (15... Bh2+ $11 16. Kh1 Be5) 16. Bd2 (16. Bxe7 $14 Qxe7 17. Bb3) 16... Bb7 $11 17. Bd3 c5 18. Qh5 g6 (18... c4 $15 19. Be2 Rab8) 19. Qh6 Rfe8 20. Ng5 Nf6 ({Black should play} 20... Bxg5 $14 21. Bxg5 (21. Qxg5 c4 $11) 21... f6) 21. Bc3 $40 {[%mdl 128] And now Nxh7! would win. White wants a kill.} Bf8 22. Qh4 e5 $2 {[%mdl 8192] This costs Black the game.} (22... Be7 $16 {is a better chance.}) 23. Bc4 {White is clearly winning.} Re7 24. Nxf7 {[%mdl 64] [#] Discovered Attack} Rxf7 25. Qxf6 $1 {[%mdl 64] Double Attack, Pin} Bg7 26. Qxf7+ Qxf7 27. Bxf7+ Kxf7 28. Rd7+ {[%mdl 64] Double Attack} Ke6 29. Rxg7 {Weighted Error Value: White=0.21/Black=0.82} 1-0

[Event "African Online-ch Open 2021"]
[Site "Online"]
[Date "2021.02.01"]
[Round "3.1"]
[White "Adly, Ahmed"]
[Black "Zaibi, Amir"]
[Result "1-0"]
[WhiteElo "2615"]
[BlackElo "2381"]
[Annotator "TA"]
[PlyCount "57"]
[EventDate "2021.02.01"]
[EventType "swiss"]
[EventCountry "NET"]
[SourceTitle "playchess.com"]
[Source "ChessBase"]
[SourceQuality "1"]

{[%evp 14,57,7,0,20,0,8,12,60,52,81,75,130,102,105,89,252,226,241,204,317,291,270,213,478,446,670,671,666,647,580,613,779,575,2414,1203,1197,1147,1161,1159,1024,1011,29993,29994,29994,29992]} 1. Nf3 Nf6 2. g3 d5 3. Bg2 c6 4. O-O Bg4 5. d3 Nbd7 6. Nbd2 e6 7. h3 Bh5 8. e4 Be7 {A07: Réti Opening: New York and Capablanca Systems.} 9. Qe1 dxe4 10. dxe4 e5 {The position is equal.} 11. Nc4 Qc7 12. Nh4 {[#]} O-O-O $146 (12... O-O $142) ({Predecessor:} 12... Nc5 13. f4 Nfd7 14. Nf5 Bf8 15. g4 Bg6 16. fxe5 Nxe5 17. Bf4 f6 18. Rd1 Rd8 {1-0 (26) Shoker,S (2500)-Belouadah,S (2301) Monastir 2013}) 13. Nf5 Bf8 14. Be3 Nb6 $2 {[#]} (14... Kb8 $16) 15. Nxb6+ $1 $18 axb6 16. a4 Kb8 (16... Bg6 {was called for.} 17. a5 bxa5) 17. a5 bxa5 18. g4 ({Weaker is} 18. Qxa5 Qxa5 19. Rxa5 Nd7 $14) 18... Bxg4 $2 (18... Bg6 19. Rxa5 (19. Qxa5 Qxa5 20. Rxa5 Nd7 $14) 19... Rd1 20. Ra8+ (20. Qxd1 Qxa5 21. c3 Kc8 $16) 20... Kxa8 21. Qxd1 Kb8) 19. hxg4 Nxg4 (19... g6 $142 20. Bg5 Bb4) 20. Rxa5 {[#] Hoping for Qa1.} Nxe3 21. Nxe3 {aiming for Qa1.} b6 22. Ra6 Bc5 23. b4 {[%cal Bb2b4,Bb4b5][%mdl 32]} Bxe3 24. Qxe3 (24. Qa1 $142 Qd7 25. fxe3) 24... Kb7 25. Rfa1 {White wants to mate with Ra7+.} Ra8 26. Qa3 {[%cal Ra6a8]} Qb8 27. b5 {Threatening mate with Rxa8.} c5 28. Qa2 Rxa6 29. Qxf7+ {Black got outplayed after the opening.  Weighted Error Value: White=0.21/Black=0.85} 1-0

[Event "African Online-ch Open 2021"]
[Site "Online"]
[Date "2021.02.01"]
[Round "3.2"]
[White "Kayonde, Andrew"]
[Black "Amin, Bassem"]
[Result "1/2-1/2"]
[WhiteElo "2393"]
[BlackElo "2693"]
[Annotator "TA"]
[PlyCount "158"]
[EventDate "2021.02.01"]
[EventType "swiss"]
[EventCountry "NET"]
[SourceTitle "playchess.com"]
[Source "ChessBase"]
[SourceQuality "1"]

{[%evp 14,158,38,17,45,33,58,18,26,13,24,16,11,10,28,3,7,0,0,0,0,0,4,-16,0,-34,-16,-65,0,0,0,0,0,0,7,7,7,6,6,7,16,19,25,25,12,12,34,0,0,0,0,0,0,0,0,0,0,0,0,0,0,0,8,8,18,6,24,0,8,8,47,47,47,31,137,15,43,43,41,7,7,7,8,10,8,0,5,4,4,4,11,0,0,0,0,0,24,0,0,0,75,75,75,75,75,75,75,75,75,75,75,75,75,75,76,76,76,75,75,75,75,75,76,75,76,76,82,82,82,76,76,76,83,83,83,83,83,83,83,75,80,0,83,0,83,0,83]} 1. d4 g6 2. e4 Bg7 3. c3 d6 4. Nf3 Nf6 5. Bd3 O-O 6. O-O Nc6 7. d5 Nb8 {[%cal Bc6b8,Bb8a6,Ba6c5][%mdl 32]} 8. c4 {8.h3 is the fancy move.} c6 {B07: Pirc Defence: Miscellaneous Systems.} 9. h3 e5 10. dxe6 Bxe6 11. Nc3 Na6 12. Re1 {[#]} Nc5 $146 ({Predecessor:} 12... Nd7 13. Bg5 Qb6 14. Rb1 h6 15. Be3 Qc7 16. Nd4 Ne5 17. Nxe6 fxe6 18. Be2 g5 {½-½ (68) Brynell,S (2497)-Hillarp Persson,T (2549) Gothenburg 2006}) 13. Bf1 d5 14. cxd5 cxd5 15. e5 {Bg5 is the strong threat.} Nfe4 16. Be3 Nxc3 17. bxc3 Rc8 18. Bd4 Bf5 19. g4 Bd7 20. Rb1 Qa5 (20... b6 $15) 21. Nd2 $11 b6 22. c4 Be6 ({Not} 22... Qxa2 $2 23. Ra1 $18) 23. Bxc5 bxc5 24. cxd5 Bxd5 25. Nc4 Bxc4 26. Bxc4 Qc3 27. Qb3 Bxe5 28. Qxc3 Bxc3 29. Re7 Rc6 30. Rxa7 Rf6 $1 31. Kg2 Rf4 32. Ra4 Bd4 33. f3 Re8 34. Rb7 Bc3 35. Bb5 Re2+ 36. Bxe2 Rxa4 {[%mdl 4096] Endgame KRB-KRB} 37. a3 Rxa3 38. Bc4 Bd4 39. Bxf7+ Kf8 40. g5 Rc3 41. Bd5 Be3 42. h4 Rc2+ 43. Kh3 {Strongly threatening Rf7+.} (43. Kg3 {keeps more tension.} Rd2 44. Be4 Kg8 45. Rc7 Bf2+ 46. Kg4) 43... h6 (43... Rd2 $1 $14 44. Be4 Kg8) 44. f4 (44. Rf7+ $1 $16 Ke8 45. Rf6) 44... Rc3 45. Kg2 hxg5 46. fxg5 {Threatening Rf7+.} Rd3 47. Be4 Rd4 48. Kf3 Bf2 49. h5 gxh5 50. g6 Bh4 51. Rh7 c4 52. Rxh5 Bf6 53. Rc5 c3 54. Rc7 Kg8 (54... Rd6 {feels hotter.} 55. Rf7+ Kg8 56. Rb7 Kf8 57. Bc2 Bg7) 55. Bc2 {Black must now prevent Bb3+.} Rb4 56. Be4 {Hoping for Bd5+.} Be5 {[#]} (56... Rd4 $11 {keeps the balance.}) 57. Bd5+ $1 $16 Kf8 58. g7+ Bxg7 59. Rf7+ Ke8 60. Rxg7 {KRB-KR} Rd4 61. Be4 Rc4 62. Bc2 Kd8 63. Ke3 Rh4 64. Kd3 Rh3+ 65. Kc4 Re3 66. Bd3 Re7 67. Rg8+ ({Much weaker is} 67. Kxc3 $6 Rxg7 68. Be4 Rd7 $11) 67... Kc7 68. Kxc3 Kd6 69. Kd4 Ke6 {[#]} 70. Rg6+ $1 Kf7 71. Rd6 Re1 72. Ra6 (72. Bc2 {is more complex.} Rf1 73. Ke5 Re1+ 74. Kd5 Rg1 75. Ra6) 72... Ke7 73. Be4 Kd7 74. Ke5 Kc7 75. Kd5 Rd1+ 76. Kc5 Rc1+ 77. Kd5 Rd1+ $1 78. Ke5 Re1 79. Kd5 Rd1+ $1 {Weighted Error Value: White=0.09/Black=0.13} 1/2-1/2

[Event "African Online-ch Open 2021"]
[Site "Online"]
[Date "2021.02.01"]
[Round "3.3"]
[White "Silva, David"]
[Black "Ortega Amarelle, Mariano"]
[Result "1/2-1/2"]
[WhiteElo "2258"]
[BlackElo "2463"]
[Annotator "TA"]
[PlyCount "97"]
[EventDate "2021.02.01"]
[EventType "swiss"]
[EventCountry "NET"]
[SourceTitle "playchess.com"]
[Source "ChessBase"]
[SourceQuality "1"]

{[%evp 13,97,-19,-10,-21,0,-38,-27,-41,-39,-66,-52,-60,-43,-47,-48,-62,-29,-36,-33,-33,0,0,13,-46,0,-57,-20,-132,-130,-163,-68,-115,-116,-111,-113,-156,-154,-152,-137,-129,-77,-143,-111,-184,-81,-96,-98,-100,-91,-106,-104,-104,-91,-185,-179,-209,-178,-183,-121,-115,0,-106,-118,-106,-35,-81,0,-91,0,-66,-42,-41,-60,-93,0,-78,-60,-55,-56,-50,0,-2,0,0,0,0]} 1. e4 c6 2. d3 d5 3. Nd2 e5 4. Ngf3 Bd6 5. g3 Nf6 6. Bg2 O-O 7. O-O Re8 8. a4 {B10: Caro-Kann: 2 d3 and 2 c4.} a5 9. b3 Bg4 10. h3 {Black has an edge.} Bh5 {[#]} 11. Qe1 $146 ({Predecessor:} 11. exd5 cxd5 12. g4 Nxg4 13. hxg4 Bxg4 14. Qe1 Nc6 15. Nh2 Bh5 16. Qe3 Nd4 17. Bb2 Nxc2 {0-1 (44) Nilsson,A (2235)-Berczes,D (2528) Sweden 2013}) 11... Bb4 12. Qe3 Bc3 13. Rb1 Na6 14. Bb2 Bxf3 15. Nxf3 Bxb2 16. Rxb2 dxe4 17. dxe4 Qd6 18. Nh4 (18. Nd2 $11) 18... Rad8 19. c3 (19. Nf5 $11 Qd2 20. f3) 19... Qd3 {Threatens to win with ...Qxe3.} 20. Qc1 (20. Nf5 $11) 20... Nxe4 $17 21. Re1 Nf6 ({Much weaker is} 21... Nxc3 $6 22. Bf1 $11) (21... Nec5 $1 $19 22. Bf1 Qd6) 22. Bf1 Qd7 23. b4 h6 24. Bxa6 bxa6 25. Kh2 axb4 26. cxb4 e4 (26... Nh7 $142 27. Re3 Ng5) 27. Rc2 (27. Ng2 $142) 27... Re6 28. Rc4 (28. Nf5 $17) 28... Qd2 (28... Nh7 $1 $19 {and Black stays clearly on top. aiming for ...Ng5.} 29. Kg2 Ng5) 29. Qxd2 Rxd2 30. Kg1 Ra2 31. Nf5 Rxa4 32. Nd4 Rd6 33. Nxc6 {[#]} (33. Nf5 $17 Rd2 34. Rxc6) 33... Rd2 $1 $19 34. Ne7+ Kh7 {Strongly threatening ...Raa2.} 35. Nf5 {[#]} Raa2 (35... a5 $1 $19 36. Ne3 axb4) 36. Rf1 $17 Kg6 ({Black should try} 36... h5 $17 37. Ne3 g6) 37. Ne3 (37. Ne7+ $11 Kh7 38. Nf5) 37... Rdb2 38. Nd1 Rb1 ({Better is} 38... Rb3 $17 39. Ne3 Ra4) 39. Ne3 Rbb2 40. Nd1 $1 {[%cal Rd1b2]} Rd2 41. Ne3 $1 h5 42. Rc6 Rdb2 43. Nd5 Rd2 (43... Kg5 $17 44. Nc3 Ra3 45. h4+ Kg4) 44. Nc3 (44. Ne3 $1 $11 {keeps the balance.}) 44... Rac2 {White must now prevent ...e3!} 45. Nxe4 Rxc6 46. Nxd2 Rc2 47. Nf3 {The position is equal.} Rb2 48. Ra1 Rxb4 49. Rxa6 {Black had all chances to win.  Weighted Error Value: White=0.30/Black=0.26} 1/2-1/2